Chaos and fractals : new frontiers of science /
Guardado en:
| Autor Principal: | |
|---|---|
| Otros Autores: | , |
| Formato: | Libro |
| Idioma: | English |
| Publicado: |
New York :
Springer,
c1992.
|
| Materias: | |
| Etiquetas: |
Agregar Etiqueta
Sin Etiquetas, Sea el primero en etiquetar este registro!
|
| LEADER | 00982pam a2200265 a 4500 | ||
|---|---|---|---|
| 001 | MAT.inmabb003331 | ||
| 008 | 920708s1992####nyuabf###b####001#0#eng## | ||
| 005 | 20160530165539.0 | ||
| 245 | 1 | 0 | |a Chaos and fractals : |b new frontiers of science / |c Heinz-Otto Peitgen, Hartmut Jürgens, Dietmar Saupe. |
| 260 | |a New York : |b Springer, |c c1992. | ||
| 300 | |a xvi, 984 p., [24] p. de láminas : |b il. (algunas col.), mapas ; |c 24 cm. | ||
| 500 | |a Prólogo de Mitchell J. Feigenbaum. | ||
| 504 | |a Incluye referencias bibliográficas (p. [955]-969) e índice. | ||
| 510 | 4 | |a MR, |c 93k:58157 | |
| 020 | |a 0387979034 (New York) | ||
| 020 | |a 3540979034 (Berlin) | ||
| 100 | 1 | |a Peitgen, Heinz-Otto, |d 1945- | |
| 700 | 1 | |a Jürgens, H. |q (Hartmut), |d 1955- | |
| 700 | 1 | |a Saupe, Dietmar, |d 1954- | |
| 650 | 0 | |a Fractals. | |
| 650 | 0 | |a Chaotic behavior in systems. | |
| 084 | |a 37D45 (28A80 37C45 37Nxx) |2 MR | ||
| 010 | |a 92023277 | ||
| 040 | |a DLC |c DLC |d DLC | ||
| 859 | |h 37 |i P379 |p A-7370 |b BIB. MATEMATICA | ||
